| 000 | 00360nam a22001577a 4500 | ||
|---|---|---|---|
| 003 | SGT | ||
| 020 | _a9789350145111 | ||
| 082 | _a628.5,ASH | ||
| 100 | _aAHMAD,ASHFAQ, | ||
| 245 | _aINDUSTRIAL WASTE TREATMENT TECHNOLOGY | ||
| 250 | _a1ST | ||
| 260 |
_aNEW DELHI _bS.K KATARIA & SONS _c2015 |
||
| 300 | _a372 | ||
| 650 | _aCIVIL ENGINEERING | ||
| 942 |
_2ddc _cBK |
||
| 999 |
_c9743 _d9743 |
||